| 000 | 01544nam a2200217 a 4500 | ||
|---|---|---|---|
| 008 | 120416s1977 ||||||||||||||||| || u | ||
| 050 | _aTH 1065 Prz | ||
| 100 | _aLouis, Przetak | ||
| 245 | 1 | 0 | _aStandard details for fire-resistive building construction |
| 246 | _aLouis Przetak | ||
| 260 |
_aNew York _bMcGraw-Hill _c1977 |
||
| 300 | _ax, 365p. : ill. | ||
| 350 | _a0.00 | ||
| 995 |
_aANNEX COLLECTION (Main Library) _D0.00 _e710468 _FCBU-MAIN LIBRARY (Kitwe) _H3 _I14.95 _jTH 1065 Prz _M3 _UAVAILABLE _WApr 26, 2007 _y015292 _ZAnnex Low-Usage Collection |
||
| 995 |
_aANNEX COLLECTION (Main Library) _D0.00 _e713677 _FCBU-MAIN LIBRARY (Kitwe) _H1 _I14.95 _jTH 1065 Prz _M1 _UAVAILABLE _WAug 15, 2006 _y015289 _ZAnnex Low-Usage Collection |
||
| 995 |
_aANNEX COLLECTION (Main Library) _D0.00 _e710466 _FCBU-MAIN LIBRARY (Kitwe) _H5 _I14.95 _jTH 1065 Prz _M5 _UAVAILABLE _y015288 _ZAnnex Low-Usage Collection |
||
| 995 |
_aANNEX COLLECTION (Main Library) _D0.00 _e710465 _FCBU-MAIN LIBRARY (Kitwe) _H7 _I14.95 _jTH 1065 Prz _M7 _UAVAILABLE _y014894 _ZAnnex Low-Usage Collection |
||
| 995 |
_aANNEX COLLECTION (Main Library) _D0.00 _e715081 _FCBU-MAIN LIBRARY (Kitwe) _H4 _I14.95 _jTH 1065 Prz _M4 _UAVAILABLE _y015291 _ZAnnex Low-Usage Collection |
||
| 995 |
_aANNEX COLLECTION (Main Library) _D0.00 _e713678 _FCBU-MAIN LIBRARY (Kitwe) _H6 _I14.95 _jTH 1065 Prz _M6 _UAVAILABLE _y015290 _ZAnnex Low-Usage Collection |
||
| 995 |
_aANNEX COLLECTION (Main Library) _D0.00 _e710467 _FCBU-MAIN LIBRARY (Kitwe) _H2 _I14.95 _jTH 1065 Prz _M2 _UAVAILABLE _WApr 26, 2007 _y015287 _ZAnnex Low-Usage Collection |
||
| 999 |
_c76735 _d76735 |
||